00754 2200253 4500001002100000005001500021035002000036007000300056008004100059020002200100082001100122084001700133100001700150245008100167250001100248260003200259260003700291300005300328700002300381990002400404990002400428990002400452990002400476INLIS00000000000273420260531100344 a0010-0720000017ta260531 g 1 ind  a978-602-53730-1-5 a808.83 a808.83 ELM c0 aElmira Arasy1 aCoffee House no 53 :bCoffee House no 53 /cElmira Arasy; Editor: A. Ria P.U a,-Ed.1 a--Yogyakarta :bAndi,c2019 a,--Yogyakarta; :bSheila;,c2019 a218 hlm. :bilus. ;c19 cmeBibliografi, hlm 2170 aEditor: A. Ria P.U a33.154/DAK/DPK/2019 a33.155/DAK/DPK/2019 a33.156/DAK/DPK/2019 a33.157/DAK/DPK/2019